000 002940000a22000970004500
100 1 _aTomes, Roger
245 1 0 _aOur Holy and beautiful house : When and why was 1 King 6-8 written?
300 _aNúm 70 (1996), Páginas 33-50
773 0 _tJournal for the Study of the Old Testament
942 _cANA
999 _c54619
_d54619